Les 20 préfectures les plus proches de Grenoble - Statistiques

Statistiques générales
  • Ce quiz a été pris 248 fois
  • Le résultat moyen est 15 sur 20
Statistiques - réponses
distance (en km) ville préfecture % Correct
95 Lyon
99%
85 Annecy
92%
45 Chambery
92%
109 Saint-Etienne
92%
72 Valence
89%
213 Marseille
86%
217 Clermont Ferrand
84%
75 Gap
83%
205 Nice
83%
120 Bourg en Bresse
76%
156 Avignon
75%
229.33 Montpellier
71%
186 Nimes
70%
103 Privas
69%
146 Le Puy en Velay
67%
143 Macon
66%
229.45 Besançon
62%
128 Digne les Bains
61%
166 Lons le Saunier
58%
192 Mende
56%
Aucun quiz correspondant
Distribution des résultats
% des personnes avec chaque résultat
Percentile par nombre de réponses
Votre historique - résultats
Vous n’avez pas pris ce quiz